| 000 | 00563nam a2200217Ia 4500 | ||
|---|---|---|---|
| 005 | 20250425161849.0 | ||
| 008 | 250425s9999 xx 000 0 und d | ||
| 020 | _a9972810003 | ||
| 041 | _aspa | ||
| 082 | _a330.985 | ||
| 100 | _aMAURTUA DE ROMAÑA, OSCAR | ||
| 245 | 0 | _aUNA VISION LATINOAMERICANA DEL ASIA-PACIFICO | |
| 250 | _a1A ED. | ||
| 260 | _aLIMA | ||
| 260 |
_aPerú _bFUNDACION ACADEMIA DIPLOMATICA DEL PERU _c1999 |
||
| 300 | _a374 | ||
| 650 | _aPERU-ASPECTOS SOCIOECONOMICOS | ||
| 650 | _aPERU-HISTORIA | ||
| 942 | _c01 | ||
| 010 | _a32824 | ||
| 999 |
_c217674 _d217674 |
||